000
00337nam a2200133Ia 4500
008
240624s9999 xx 000 0 und d
041
_a
eng
082
_a
658.5 KLA
100
_a
KLASSEN ROBERT D
245
_a
CASES IN OPERATIONS MANAGEMENT BUILDING
260
_c
2006
_a
New Delhi
_b
Sage
300
_a
x, 425 p.; 23 cm.
365
_c
_b
32
999
_c
29871
_d
29871